| 000 | 00553nam a2200169 a 4500 | ||
|---|---|---|---|
| 005 | 20140414132122.0 | ||
| 008 | 121010s19uu xx 00 eng d | ||
| 050 |
_aTR _bFi469 1999 |
||
| 100 | _aMckie, Anna | ||
| 245 | _aFifty bedtime stories. | ||
| 260 |
_aLittle Venice, London : _bGrandreams Limited, _c1999. |
||
| 300 | _a93 | ||
| 500 | _aWhat a strange house. The Rocky mountain train.Buzz builds a snowman.Goodnight everybody.The Counting caterpillar. | ||
| 650 | _aStories-fiction. | ||
| 700 | _aKen Mckie (illustrated by) | ||
| 999 |
_c115102 _d115102 |
||